Radio Designer's Handbook (Record no. 190256)
[ view plain ]
| 000 -LEADER | |
|---|---|
| fixed length control field | 00607 a2200169 4500 |
| 003 - CONTROL NUMBER IDENTIFIER | |
| control field | Nust |
| 005 - DATE AND TIME OF LATEST TRANSACTION | |
| control field | 20170207153905.0 |
| 040 ## - CATALOGING SOURCE | |
| Transcribing agency | Nust |
| 082 ## - DEWEY DECIMAL CLASSIFICATION NUMBER | |
| Classification number | 621.384 |
| 100 ## - MAIN ENTRY--PERSONAL NAME | |
| Personal name | F. Langford-Smih |
| 245 ## - TITLE STATEMENT | |
| Title | Radio Designer's Handbook |
| Statement of responsibility, etc. | F. Langford-Smih |
| 250 ## - EDITION STATEMENT | |
| Edition statement | 4th Ed. |
| 260 ## - PUBLICATION, DISTRIBUTION, ETC. | |
| Place of publication, distribution, etc. | London |
| Name of publisher, distributor, etc. | ILIFFE & Sons ,LTD. |
| Date of publication, distribution, etc. | 1954 |
| 300 ## - PHYSICAL DESCRIPTION | |
| Extent | x1,1482p. |
| 505 ## - FORMATTED CONTENTS NOTE | |
| Formatted contents note | The Radio Valve (Page-1) General Theory and Components (Page-128) Audio Frequencies (Page-481) Radio Frequencies (Page-890) Rectification, Regulation, Filtering and Hum (Page-1161) Complete Receivers (Page-1223) |
| 538 ## - SYSTEM DETAILS NOTE | |
| System details note | Almirah No. 39 Shelf No. 2 |
| 942 ## - ADDED ENTRY ELEMENTS (KOHA) | |
| Source of classification or shelving scheme | |
| Koha item type | Book |
| Withdrawn status | Lost status | Source of classification or shelving scheme | Damaged status | Not for loan | Collection code | Permanent Location | Current Location | Date acquired | Total Checkouts | Full call number | Barcode | Date last seen | Price effective from | Koha item type |
|---|---|---|---|---|---|---|---|---|---|---|---|---|---|---|
| Military College of Signals (MCS) | Military College of Signals (MCS) | 12/12/2016 | 621.384 RAD | MCS20815 | 12/08/2016 | 12/12/2016 | Book |
